Versteckte Wörter - Statistiken

Allgemein
  • Dieses Quiz wurde 295 mal gespielt
  • Das Durchschnittsergebnis liegt bei 11 aus 25
Antwortstatistiken
WWWw % Korrekt
STRO{MAUS}FALL
76%
SCH{ROT}TPLATZ
72%
Ü{BERN}ACHTUNG
72%
FR{EIBE}RUFLICH
70%
LAC{HANF}ALL
68%
VERKÖR{PERU}NG
68%
BÜ{GELB}RETT
66%
BE{GRÜN}DUNG
64%
SCHAUMFES{TIGER}
59%
RE{BLAU}S
58%
FEG{EFEU}ER
48%
GAL{GENF}RIST
45%
P{ROSE}CCO
40%
ASP{IRAN}T
37%
UNR{OMAN}TISCH
35%
V{ORANGE}HEN
32%
EHE{MALI}G
31%
AUSR{EICHE}ND
29%
KU{PFERD}RAHT
28%
IN{KUBA}TOR
25%
DREI{HUND}ERT
24%
UN{ZUG}ÄNGLICH
22%
PAR{KUH}R
21%
{THUN}FISCH
12%
S{CHUR}KE
11%
Keine übereinstimmenden Quizze gefunden
Verteilung der Resultate
Anzahl Personen mit jedem Resultat
Perzentil nach korrekt beantworteten Fragen
Ihre Resultats-Entwicklung
Sie haben dieses Quiz noch nicht gespielt